Telekomunikácie pre moderné riadenie

Bibliographic Details
Main Author: Böhmer, František (Author)
Format: Article
Language:Slovak
Subjects:

MARC

LEADER 00000nab a2200000 a 4500
001 vtls000259362
003 SK-MaSNL
005 20260304075339.0
008 250423c1986 xo 0 slo
015 |a SNBRB19rr/mm-uuuuu 
035 |a CL0269476 
035 |a urn:nbn:sk:snk-abbg5z 
035 |a (urnnbn)urn:nbn:sk:snk:ar-005crz 
035 |a (uuid)0c523990-bc05-4c5a-b5e3-ba8606f21d18 
040 |a SNKBUCL  |b slo  |c SNKBUCL  |e AACR2 
041 0 |a slo 
044 |a xo  |c SK 
080 |a 621.39:002:330.341.1  |2 1981 
080 |a 002  |2 1981 
080 |a 330.341.1  |2 1981 
100 1 |a Böhmer, František  |4 aut  |9 1169200 
245 1 0 |a Telekomunikácie pre moderné riadenie  |c František Böhmer 
650 0 7 |a vedecko-technický rozvoj  |2 snkbucl  |9 3999 
650 0 7 |a služby informačné  |2 snkbucl  |9 884441 
650 0 7 |a telekomunikácia  |2 snkbucl  |9 105923 
655 7 |a články z novín a časopisov  |2 snkbucl  |9 267496 
773 0 |t Technická práca  |g Roč. 38, č. 4 (1986), s. 37-38 
850 |a Slovenská národná knižnica 
852 |a Slovenská národná knižnica 
954 |a odborná, vedecká literatúra pôvodná (slovenská)  |2 lita 
958 |a article15 
958 |a RK 
958 |a OND 
958 |a EUIPO 
992 |a RBX 
999 |c 2780921  |d 2782851